OrCAD 9 phần mềm thiết kế mạch in

Wedi'i Gadw mewn:
Manylion Llyfryddiaeth
Prif Awdur: Hoàng Văn Đặng
Fformat: Llyfr
Iaith:Undetermined
Cyhoeddwyd: Tp. HCM Trẻ 2000
Pynciau:
Tagiau: Ychwanegu Tag
Dim Tagiau, Byddwch y cyntaf i dagio'r cofnod hwn!
Thư viện lưu trữ: Trung tâm Học liệu Trường Đại học Cần Thơ
LEADER 00512nam a2200169Ia 4500
001 CTU_40579
008 210402s9999 xx 000 0 und d
082 |a 620.00420285 
082 |b Đ116 
100 |a Hoàng Văn Đặng 
245 0 |a OrCAD 9 phần mềm thiết kế mạch in 
245 0 |c Hoàng Văn Đặng 
260 |a Tp. HCM 
260 |b Trẻ 
260 |c 2000 
650 |a CAD ( computer system ),computer-aided design 
980 |a Trung tâm Học liệu Trường Đại học Cần Thơ